Industrial Organisation and Engineering Economics (Record no. 3850)
[ view plain ]
| 000 -LEADER | |
|---|---|
| fixed length control field | 00462 a2200169 4500 |
| 003 - CONTROL NUMBER IDENTIFIER | |
| control field | Nust |
| 005 - DATE AND TIME OF LATEST TRANSACTION | |
| control field | 20170105101226.0 |
| 008 - FIXED-LENGTH DATA ELEMENTS--GENERAL INFORMATION | |
| fixed length control field | 161209b xxu||||| |||| 00| 0 eng d |
| 040 ## - CATALOGING SOURCE | |
| Original cataloging agency | S3H |
| Transcribing agency | 0 |
| 082 ## - DEWEY DECIMAL CLASSIFICATION NUMBER | |
| Classification number | 338.6 |
| 100 ## - MAIN ENTRY--PERSONAL NAME | |
| Personal name | Sharma, S.C. |
| 245 ## - TITLE STATEMENT | |
| Title | Industrial Organisation and Engineering Economics |
| Statement of responsibility, etc. | S.C. Sharma |
| Medium | T.R. Banga |
| 260 ## - PUBLICATION, DISTRIBUTION, ETC. | |
| Place of publication, distribution, etc. | New Delhi, India |
| Name of publisher, distributor, etc. | Knanna Publishers |
| Date of publication, distribution, etc. | 1997 |
| 300 ## - PHYSICAL DESCRIPTION | |
| Extent | 1252p |
| 500 ## - GENERAL NOTE | |
| General note | paperback |
| 942 ## - ADDED ENTRY ELEMENTS (KOHA) | |
| Koha item type | Book |
| Call number prefix | 338.6 BAN |
| Source of classification or shelving scheme | |
| Withdrawn status | Lost status | Source of classification or shelving scheme | Damaged status | Not for loan | Collection code | Permanent Location | Current Location | Shelving location | Date acquired | Total Checkouts | Full call number | Barcode | Date last seen | Date last checked out | Price effective from | Koha item type |
|---|---|---|---|---|---|---|---|---|---|---|---|---|---|---|---|---|
| Central Library (CL) | Central Library (CL) | General Stacks | 12/09/2016 | 2 | 338.6 BAN | S3H-N-1219 | 04/25/2022 | 10/10/2018 | 12/09/2016 | Book |
